000 004460000a22001810004500
003 MACL
005 20151001175920.0
008 151001b xxu||||| |||| 00| 0 eng d
040 _aMACL
_cMACL
041 _aEnglish
082 _a900/SHA
100 _aShastri, Ajay Mitra
_913201
245 _aVarahamihira And His Times
260 _bKusumanjali Prakashan
_c1991
_aJodhpur
350 _a300
650 _aHistory
_913202
942 _cBK
_k900
_2ddc
999 _c3859
_d3859